Tu pueblo es tu planeta (Registro nro. 1925)

Detalles MARC
000 -CABECERA
Longitud fija campo de control 01468nam a2200385Ia 4500
005 - • FECHA Y HORA DE LA ÚLTIMA TRANSACCIÓN
Fecha y hora de la última transacción 20220316235720.0
008 - • CÓDIGOS DE INFORMACIÓN DE LONGITUD FIJA
Códigos de información de longitud fija 121119s1995 sp a gr 000 0 spa
020 ## - • NÚMERO INTERNACIONAL NORMALIZADO PARA LIBROS
Número Internacional Normalizado para Libros (ISBN) 8489445028
041 1# - • CÓDIGO DE LENGUA
Código de lengua del texto/banda sonora o título independiente spa
082 04 - • NÚMERO DE LA CLASIFICACIÓN DECIMAL DEWEY
Número de clasificación (R) 577.55
Número del ítem M27t
040 ## - FUENTE DE LA CATALOGACIÓN
Centro catalogador de origen CO-BoRNBP
Lengua de catalogación spa
Normas de descripción rda
Centro transcriptor CO-BoRNBP
100 1# - • PUNTO DE ACCESO PRINCIPAL-NOMBRE DE PERSONA
Nombre de persona Merleu-Ponty, Claire
245 10 - • TITULO PROPIAMENTE DICHO
Título Tu pueblo es tu planeta
Mención de responsabilidad, etc. Claire Merleau-Ponty y Sylvie Girardet ; ilustrado por Juan Ballesta, Serge Bloch y Fernando Puig Rosado ; traducido por Juan Carlos Alcala
250 ## - • MENCIÓN DE EDICIÓN
Mención de edición Primera edición
264 ## - PRODUCCIÓN, PUBLICACIÓN , DISTRIBUCIÓN, FABRICACIÓN Y COPYRIGHT
Lugar de producción, publicación, distribución, fabricación Granada
Nombre del productor, editor, distribuidor, fabricante Ediciones Unesco
-- Palabra de Humor Ediciones
Fecha de de producción, publicación, distribución, fabricación o copyright 1995
300 ## - • DESCRIPCIÓN FÍSICA
Extensión 250 páginas
Otras características físicas ilustraciones
Dimensiones 26 cm
336 ## - TIPO DE CONTENIDO
Término de tipo de contenido texto
Código de tipo de contenido txt
Fuente rdacontent
337 ## - TIPO DE MEDIO
Nombre del tipo de medio sin mediación
Código del tipo de medio n
Fuente rdamedia
338 ## - TIPO DE SOPORTE
Nombre del tipo de soporte volumen
Código del tipo de soporte nc
Fuente rdacarrier
500 ## - • NOTA GENERAL
Nota general Incluye índice
650 14 - • PUNTO DE ACCESO ADICIONAL DE MATERIA - TÉRMINO DE MATERIA
Término de materia o nombre geográfico como elemento inicial Contaminación del aire
Fuente del encabezamiento o término LEMB
650 14 - • PUNTO DE ACCESO ADICIONAL DE MATERIA - TÉRMINO DE MATERIA
Término de materia o nombre geográfico como elemento inicial Agua dulce
Fuente del encabezamiento o término LEMB
650 14 - • PUNTO DE ACCESO ADICIONAL DE MATERIA - TÉRMINO DE MATERIA
Término de materia o nombre geográfico como elemento inicial Contaminación marina
Fuente del encabezamiento o término LEMB
650 14 - • PUNTO DE ACCESO ADICIONAL DE MATERIA - TÉRMINO DE MATERIA
Término de materia o nombre geográfico como elemento inicial Protección del bosques
Fuente del encabezamiento o término LEMB
650 14 - • PUNTO DE ACCESO ADICIONAL DE MATERIA - TÉRMINO DE MATERIA
Término de materia o nombre geográfico como elemento inicial Ecología de desiertos
Fuente del encabezamiento o término LEMB
650 14 - • PUNTO DE ACCESO ADICIONAL DE MATERIA - TÉRMINO DE MATERIA
Término de materia o nombre geográfico como elemento inicial Basuras y aprovechamiento de basuras
Fuente del encabezamiento o término LEMB
650 14 - • PUNTO DE ACCESO ADICIONAL DE MATERIA - TÉRMINO DE MATERIA
Término de materia o nombre geográfico como elemento inicial Protección del medio ambiente
Fuente del encabezamiento o término LEMB
650 14 - • PUNTO DE ACCESO ADICIONAL DE MATERIA - TÉRMINO DE MATERIA
Término de materia o nombre geográfico como elemento inicial Conservación de los recursos agrícolas
Fuente del encabezamiento o término LEMB
700 1# - • PUNTO DE ACCESO ADICIONAL - NOMBRE DE PERSONA
Nombre de persona Girardet, Sylvie.
700 1# - • PUNTO DE ACCESO ADICIONAL - NOMBRE DE PERSONA
Nombre de persona Ballesta, Juan
Término indicativo de función ilustrador
700 1# - • PUNTO DE ACCESO ADICIONAL - NOMBRE DE PERSONA
Nombre de persona Bloch, Serge
Término indicativo de función ilustrador
700 1# - • PUNTO DE ACCESO ADICIONAL - NOMBRE DE PERSONA
Nombre de persona Puig Rosado, Fernando
Fechas asociadas al nombre 1931
Término indicativo de función ilustrador
700 1# - • PUNTO DE ACCESO ADICIONAL - NOMBRE DE PERSONA
Nombre de persona Alcala Velasco, Juan Carlos
Término indicativo de función traductor
942 ## - ENTRADA DE ELEMENTOS AGREGADOS (KOHA)
Fuente de clasificaión o esquema Dewey Decimal Classification
Koha [por defecto] tipo de item LIbro
Existencias
Perdido Fuente de clasificación o esquema Estado Físico No para préstamo Forma de adquisición Localización permanente Localización actual Localización en estanterías Fecha adquisición Préstamos totales Signatura completa Código de barras Fecha última consulta Número de copia Fecha del precio de reemplazo Tipo de item de Koha
  Dewey Decimal Classification     Infantil Biblioteca Pública Cubarral Biblioteca Pública Cubarral Sala Infantil 07/04/2023   577.55 M27t CUB00049 07/04/2023 Ej.1 07/04/2023 LIbro
  Dewey Decimal Classification     Colección General Biblioteca Pública Puerto Lleras Biblioteca Pública Puerto Lleras General 12/27/2023   57755 M27t PLL00987 12/27/2023 Ej.1 12/27/2023 Libro Infantil
  Dewey Decimal Classification     Infantil Biblioteca Pública El Castillo - Alfonso Meneses Biblioteca Pública El Castillo - Alfonso Meneses Sala Infantil 08/30/2023   577. M27t EC00462 08/30/2023 Ej.1 08/30/2023 LIbro
  Dewey Decimal Classification     Infantil Biblioteca Pública Guamal Biblioteca Pública Guamal Sala Infantil 03/01/2023   577.55 M27t GUA001831 03/01/2023 Ej.1 03/01/2023 Libro Infantil
  Dewey Decimal Classification       Biblioteca Pública La Macarena Biblioteca Pública La Macarena   07/14/2025   577.55 M27t LM02528 07/14/2025 Ej.1 07/14/2025 LIbro
  Dewey Decimal Classification     Colección General Biblioteca Pública Vistahermosa Biblioteca Pública Vistahermosa General 08/24/2023   577.55 M27t VIS00666 08/24/2023 Ej.1 08/24/2023 LIbro









Instituto Departamental de Cultura del Meta - Red Departamental de Bibliotecas Públicas del Meta.